[Event "BL 1213 Schachfr. Berlin - OSG Baden Ba"]
[Site "?"]
[Date "2013.02.02"]
[Round "7.2"]
[White "Kraemer, Martin"]
[Black "Bacrot, Etienne"]
[Result "0-1"]
[WhiteElo "2520"]
[BlackElo "2705"]
[PlyCount "110"]
[EventDate "2013.??.??"]

1. e4 e5 2. Nf3 Nc6 3. Bb5 a6 4. Ba4 Nf6 5. O-O Be7 6. Re1 b5 7. Bb3 O-O 8. c3
d6 9. h3 Na5 10. Bc2 c5 11. d4 Qc7 12. Nbd2 cxd4 13. cxd4 Nc6 14. Nb3 a5 15.
Be3 a4 16. Nbd2 Bd7 17. Rc1 Rfc8 18. Bb1 Qb7 19. Nf1 Bd8 20. Qe2 Bb6 21. dxe5
Nxe5 22. Rxc8+ Rxc8 23. Rd1 Bxe3 24. Nxe3 Qb6 25. Nd4 g6 26. Kh2 Nc4 27. a3 d5
28. Nxd5 Nxd5 29. exd5 Re8 30. Qc2 Qd6+ 31. Kg1 Re5 32. Ba2 Rxd5 33. Bxc4 Rxd4
34. Rxd4 Qxd4 35. Bf1 b4 36. axb4 Qxb4 37. Bc4 Qe1+ 38. Kh2 Kg7 39. Qe2 Qxe2
40. Bxe2 Kf6 41. Kg1 Ke5 42. Kf1 g5 43. Ke1 f5 44. Bf3 f4 45. Kd2 Kd4 46. Bh5
Bc6 47. g3 fxg3 48. fxg3 Bd7 49. h4 g4 50. Bf7 Ke4 51. Ke2 Bb5+ 52. Kf2 Kd3 53.
h5 h6 54. Be6 Kc2 55. Bxg4 Kxb2 0-1

[Event "BL 1213 Schachfr. Berlin - OSG Baden Ba"]
[Site "?"]
[Date "2013.02.02"]
[Round "7.3"]
[White "Naiditsch, Arkadij"]
[Black "Antoniewski, Rafal"]
[Result "1-0"]
[WhiteElo "2704"]
[BlackElo "2552"]
[PlyCount "65"]
[EventDate "2013.??.??"]

1. e4 c5 2. Nf3 e6 3. d4 cxd4 4. Nxd4 Nc6 5. Nb5 d6 6. c4 Nf6 7. N1c3 a6 8. Na3
Be7 9. Be2 O-O 10. O-O b6 11. Be3 Bb7 12. Qb3 Nd7 13. Rad1 Nc5 14. Qc2 Bf6 15.
Nab1 Qe7 16. a3 a5 17. Nb5 Rfd8 18. N1c3 a4 19. f3 h6 20. Kh1 Be5 21. f4 Bf6
22. Bf3 Bxc3 23. Nxc3 Ba6 24. Nxa4 Bxc4 25. Qxc4 Rxa4 26. Qb5 Na7 27. Qxb6 Ra6
28. Qb4 Ra4 29. Qd2 Rc4 30. Qe2 Ra4 31. Qc2 Ra6 32. e5 Rc8 33. Qe2 1-0

[Event "BL 1213 Schachfr. Berlin - OSG Baden Ba"]
[Site "?"]
[Date "2013.02.02"]
[Round "7.4"]
[White "Schneider, Ilja"]
[Black "Movsesian, Sergej"]
[Result "1/2-1/2"]
[WhiteElo "2489"]
[BlackElo "2699"]
[PlyCount "75"]
[EventDate "2013.??.??"]

1. Nf3 d6 2. d4 Nf6 3. Nc3 Nbd7 4. e4 e5 5. Bc4 Be7 6. O-O O-O 7. Re1 a6 8. a4
b6 9. Bg5 Bb7 10. Bxf6 Bxf6 11. Nd5 Re8 12. c3 g6 13. dxe5 Nxe5 14. Nxe5 Bxe5
15. Qf3 c6 16. Ne3 Qe7 17. Bb3 b5 18. Ng4 Bg7 19. Qf4 c5 20. Nh6+ Bxh6 21. Qxh6
c4 22. Bc2 f5 23. f3 fxe4 24. Bxe4 Bxe4 25. Rxe4 Qa7+ 26. Rd4 bxa4 27. Kh1 Re2
28. Rxd6 Qf2 29. Rxg6+ hxg6 30. Qxg6+ Kh8 31. Qh6+ Kg8 32. Qg6+ Kf8 33. Qf6+
Ke8 34. Qg6+ Ke7 35. Qg7+ Ke6 36. Qg6+ Ke7 37. Qg7+ Ke6 38. Qg6+ 1/2-1/2

[Event "BL 1213 Schachfr. Berlin - OSG Baden Ba"]
[Site "?"]
[Date "2013.02.02"]
[Round "7.5"]
[White "Nisipeanu, Liviu-Dieter"]
[Black "Abel, Dennes"]
[Result "1/2-1/2"]
[WhiteElo "2661"]
[BlackElo "2437"]
[PlyCount "114"]
[EventDate "2013.??.??"]

1. d4 d5 2. Nf3 Nf6 3. c4 c6 4. e3 Bf5 5. Nc3 e6 6. Nh4 Be4 7. f3 Bg6 8. Qb3 b5
9. cxb5 c5 10. dxc5 Nfd7 11. Nxg6 Nxc5 12. Qc2 hxg6 13. Bd2 Nbd7 14. O-O-O Rc8
15. Kb1 Be7 16. Be1 Nb6 17. Qe2 O-O 18. h4 Bf6 19. e4 Qc7 20. Rc1 Nca4 21. Qd1
Qe5 22. f4 Nxc3+ 23. Bxc3 Qxf4 24. g3 Qxg3 25. e5 Rxc3 26. Rxc3 Qxe5 27. Bd3
Nc4 28. Bxc4 dxc4 29. Qc2 Qxb5 30. Rxc4 Bxb2 31. Qb3 Qxb3 32. axb3 Be5 33. Rhc1
Kh7 34. Re4 Bg3 35. Rc3 f5 36. Rxe6 Bxh4 37. Rc7 f4 38. Re4 a5 39. Kc2 Kh6 40.
Kd3 g5 41. Ree7 Kh5 42. Rxg7 Kg4 43. Ke2 Kg3 44. Kf1 f3 45. Rgf7 Rd8 46. Rcd7
Rc8 47. Rc7 Rd8 48. Rcd7 g4 49. Rxd8 Bxd8 50. Rf8 Be7 51. Rf7 Bh4 52. Kg1 Bd8
53. Rf8 Bb6+ 54. Kf1 Bd4 55. Rf7 Bc3 56. Rc7 Bb4 57. Rf7 Bc3 1/2-1/2

[Event "BL 1213 Schachfr. Berlin - OSG Baden Ba"]
[Site "?"]
[Date "2013.02.02"]
[Round "7.6"]
[White "Berndt, Stephan"]
[Black "Gustafsson, Jan"]
[Result "1/2-1/2"]
[WhiteElo "2443"]
[BlackElo "2622"]
[PlyCount "57"]
[EventDate "2013.??.??"]

1. e4 e5 2. Nf3 Nc6 3. Bb5 Nf6 4. O-O Bc5 5. c3 O-O 6. d4 Bb6 7. Re1 d6 8. Na3
exd4 9. Nxd4 Ne5 10. Bg5 h6 11. Bh4 Ng6 12. Bg3 d5 13. exd5 Qxd5 14. Bc4 Qd8
15. Qc2 Nd5 16. Rad1 c6 17. Be2 Qf6 18. Nc4 Bc7 19. Bf3 Bxg3 20. hxg3 Nb6 21.
Ne3 Bd7 22. c4 Rae8 23. c5 Na8 24. Nb5 Ne5 25. Nd6 Nxf3+ 26. gxf3 Re7 27. f4
Nc7 28. b4 b5 29. cxb6 1/2-1/2

[Event "BL 1213 Schachfr. Berlin - OSG Baden Ba"]
[Site "?"]
[Date "2013.02.02"]
[Round "7.7"]
[White "Schlosser, Philipp"]
[Black "Thiede, Lars"]
[Result "1/2-1/2"]
[WhiteElo "2579"]
[BlackElo "2441"]
[PlyCount "83"]
[EventDate "2013.??.??"]

1. d4 d6 2. Nf3 Bg4 3. g3 Bxf3 4. exf3 d5 5. Nd2 e6 6. Bd3 g6 7. f4 Bg7 8. c3
Ne7 9. Nf3 Nd7 10. Ne5 h5 11. O-O O-O 12. Re1 Nf6 13. h3 Qd6 14. g4 c5 15. dxc5
Qxc5 16. g5 Ne4 17. Bxe4 Bxe5 18. Bxg6 fxg6 19. Rxe5 Qd6 20. Qe2 Kf7 21. Bd2
Nf5 22. Rd1 Qc6 23. Be3 Rfe8 24. Bd4 b5 25. Qd3 Qc4 26. b3 Qxd3 27. Rxd3 Rec8
28. Re2 a5 29. Be5 Ra6 30. a3 a4 31. Rb2 axb3 32. Rxb3 Rca8 33. Rxb5 Rxa3 34.
Kg2 R3a7 35. Rc5 Ra4 36. Rd1 Kg8 37. Rb1 R4a5 38. Rc6 R5a6 39. Rb8+ Rxb8 40.
Rxa6 Re8 41. Kf3 Kf7 42. Ke2 1/2-1/2

[Event "BL 1213 Schachfr. Berlin - OSG Baden Ba"]
[Site "?"]
[Date "2013.02.02"]
[Round "7.8"]
[White "Agopov, Mikael"]
[Black "Dautov, Rustem"]
[Result "1/2-1/2"]
[WhiteElo "2427"]
[BlackElo "2595"]
[PlyCount "68"]
[EventDate "2013.??.??"]

1. e4 c6 2. d4 d5 3. e5 Bf5 4. Nf3 e6 5. Be2 Nd7 6. Be3 Bg6 7. Nbd2 Ne7 8. Nh4
Nf5 9. Nxf5 Bxf5 10. g4 Bg6 11. h4 h6 12. h5 Bh7 13. Nb3 Qc7 14. f4 O-O-O 15.
Bd3 Bxd3 16. Qxd3 c5 17. dxc5 Nxc5 18. Nxc5 Bxc5 19. O-O-O Bxe3+ 20. Qxe3 Kb8
21. g5 Rc8 22. Rd2 Qc4 23. b3 Qc3 24. Qxc3 Rxc3 25. Rd3 Rhc8 26. Rxc3 Rxc3 27.
Rg1 Rf3 28. Rg4 Kc8 29. g6 fxg6 30. Rxg6 Rxf4 31. Rxg7 Rf5 32. Rg6 Rxe5 33.
Rxh6 Kd7 34. Rh8 Re2 1/2-1/2

[Event "BL 1213 SC Forchheim - SG Turm Trier"]
[Site "?"]
[Date "2013.02.02"]
[Round "7.1"]
[White "Erdoes, Viktor"]
[Black "Prusikin, Michael"]
[Result "1-0"]
[WhiteElo "2637"]
[BlackElo "2545"]
[PlyCount "39"]
[EventDate "2013.??.??"]

1. Nf3 Nf6 2. c4 e6 3. g3 d5 4. Bg2 dxc4 5. Qa4+ Nbd7 6. Qxc4 a6 7. Qb3 Ra7 8.
O-O Be7 9. d4 O-O 10. Rd1 c5 11. Bg5 h6 12. Bxf6 Bxf6 13. Nc3 cxd4 14. Ne4 e5
15. e3 dxe3 16. Qxe3 b6 17. Rac1 Kh8 18. Bh3 Rc7 19. Rxc7 Qxc7 20. Bxd7 1-0

[Event "BL 1213 SC Forchheim - SG Turm Trier"]
[Site "?"]
[Date "2013.02.02"]
[Round "7.2"]
[White "Jansa, Vlastimil"]
[Black "Howell, David W L"]
[Result "0-1"]
[WhiteElo "2451"]
[BlackElo "2634"]
[PlyCount "90"]
[EventDate "2013.??.??"]

1. e4 e5 2. Nf3 Nc6 3. Bb5 Nf6 4. O-O Nxe4 5. Re1 Nd6 6. Nxe5 Be7 7. Bf1 Nxe5
8. Rxe5 O-O 9. Nc3 Bf6 10. Re1 Re8 11. Nd5 Rxe1 12. Qxe1 b6 13. g3 Bb7 14. Bg2
c6 15. Nxf6+ Qxf6 16. d3 Re8 17. Qd1 c5 18. Bxb7 Nxb7 19. c3 d5 20. Bf4 Nd8 21.
Qh5 Qc6 22. b3 b5 23. Rd1 Ne6 24. Bd2 a5 25. Re1 Rd8 26. f4 c4 27. d4 cxb3 28.
axb3 g6 29. Qh4 Re8 30. Qf6 Qd7 31. f5 Ng7 32. Rxe8+ Nxe8 33. Qa6 a4 34. bxa4
bxa4 35. fxg6 hxg6 36. Bf4 f6 37. h4 Kh7 38. Kf2 Ng7 39. Qxf6 Qa7 40. g4 a3 41.
h5 g5 42. Qg6+ Kg8 43. Bc1 a2 44. Bb2 Qb8 45. Qc2 Qh2+ 0-1

[Event "BL 1213 SC Forchheim - SG Turm Trier"]
[Site "?"]
[Date "2013.02.02"]
[Round "7.3"]
[White "Sanikidze, Tornike"]
[Black "Mons, Leon"]
[Result "1-0"]
[WhiteElo "2580"]
[BlackElo "2339"]
[PlyCount "57"]
[EventDate "2013.??.??"]

1. d4 d5 2. c4 e6 3. Nf3 Nf6 4. Nc3 Be7 5. Bg5 h6 6. Bxf6 Bxf6 7. e3 O-O 8. Qd2
b6 9. O-O-O Bb7 10. cxd5 exd5 11. h4 c5 12. g4 g6 13. g5 hxg5 14. Nxg5 Bxg5 15.
hxg5 Qxg5 16. f4 Qf6 17. Qh2 Re8 18. f5 cxd4 19. fxg6 dxc3 20. Bd3 cxb2+ 21.
Kb1 Rc8 22. Qh7+ Kf8 23. Rhf1 Rc1+ 24. Rxc1 bxc1=Q+ 25. Kxc1 Qc3+ 26. Bc2 Qa1+
27. Bb1 Ke7 28. gxf7 Qc3+ 29. Kd1 1-0

[Event "BL 1213 SC Forchheim - SG Turm Trier"]
[Site "?"]
[Date "2013.02.02"]
[Round "7.4"]
[White "Seyb, Alexander"]
[Black "Bobras, Piotr"]
[Result "1/2-1/2"]
[WhiteElo "2310"]
[BlackElo "2560"]
[PlyCount "61"]
[EventDate "2013.??.??"]

1. Nf3 Nf6 2. c4 c6 3. d4 d5 4. e3 Bf5 5. Nc3 e6 6. Nh4 Bg6 7. Be2 Nbd7 8. O-O
Ne4 9. Nxg6 hxg6 10. cxd5 Qh4 11. h3 exd5 12. Nxe4 Qxe4 13. b4 a6 14. Bd2 Bd6
15. a4 O-O 16. b5 axb5 17. axb5 c5 18. dxc5 Bxc5 19. Bc3 Nb6 20. Qb3 Bxe3 21.
Bf3 Qf4 22. Rxa8 Rxa8 23. fxe3 Qxe3+ 24. Kh1 Rc8 25. Bxd5 Nxd5 26. Qxd5 Rxc3
27. Qxf7+ Kh7 28. Qxb7 Rb3 29. Qd5 Rb2 30. Qc4 Qg5 31. Qg4 1/2-1/2

[Event "BL 1213 SC Forchheim - SG Turm Trier"]
[Site "?"]
[Date "2013.02.02"]
[Round "7.6"]
[White "Heidrich, Manfred"]
[Black "Gordon, Stephen"]
[Result "0-1"]
[WhiteElo "2296"]
[BlackElo "2556"]
[PlyCount "116"]
[EventDate "2013.??.??"]

1. e4 c5 2. c3 Nf6 3. e5 Nd5 4. d4 cxd4 5. cxd4 d6 6. Nf3 e6 7. Bc4 Be7 8. O-O
O-O 9. Qe2 b6 10. Nc3 Nxc3 11. bxc3 Bb7 12. Bf4 Qc7 13. Bd3 Nd7 14. Rfe1 Rac8
15. Rac1 Bxf3 16. Qxf3 dxe5 17. dxe5 g6 18. Qe2 Rfd8 19. Red1 Nc5 20. Bb5 Qb7
21. Be3 Rxd1+ 22. Rxd1 Qe4 23. Bxc5 Qxe2 24. Bxe2 Rxc5 25. Rd7 Rxe5 26. Kf1 Bc5
27. Rxa7 Rf5 28. f3 Rh5 29. h3 Rd5 30. Ke1 Bd6 31. Rb7 Bg3+ 32. Kf1 Ra5 33.
Rxb6 Rxa2 34. Rb1 Rc2 35. c4 Kg7 36. Rd1 h5 37. Rd7 Kf6 38. Bd3 Rf2+ 39. Kg1
Rd2 40. Kf1 Rf2+ 41. Kg1 Rd2 42. Kf1 Rd1+ 43. Ke2 Re1+ 44. Kd2 Rg1 45. c5 Rxg2+
46. Kd1 Rg1+ 47. Kc2 Bf4 48. Kb3 Rg3 49. Be4 Rxh3 50. c6 g5 51. c7 Bxc7 52.
Rxc7 g4 53. Rc3 Ke5 54. Bb7 g3 55. Rc8 h4 56. Rg8 f5 57. Rg6 Kf4 58. Kc4 Rh1
0-1

[Event "BL 1213 SC Forchheim - SG Turm Trier"]
[Site "?"]
[Date "2013.02.02"]
[Round "7.7"]
[White "Jaracz, Pawel"]
[Black "Bade, Joern"]
[Result "1-0"]
[WhiteElo "2541"]
[BlackElo "2288"]
[PlyCount "97"]
[EventDate "2013.??.??"]

1. Nf3 Nf6 2. c4 c6 3. Nc3 d5 4. e3 g6 5. d4 Bg7 6. cxd5 cxd5 7. Bb5+ Bd7 8.
Qb3 Bxb5 9. Qxb5+ Qd7 10. Ne5 Qxb5 11. Nxb5 Na6 12. b3 Ne4 13. Ba3 f6 14. Nd3
Kd7 15. Rc1 Rhc8 16. Ke2 Rc6 17. f3 Rb6 18. Nc3 Nxc3+ 19. Rxc3 Rc6 20. Rxc6
bxc6 21. h4 Bf8 22. e4 e6 23. Bxf8 Rxf8 24. Rc1 Rb8 25. e5 f5 26. Ke3 Rb6 27.
g4 fxg4 28. fxg4 Ke7 29. g5 Nc7 30. h5 gxh5 31. Rh1 Kf7 32. Rxh5 Kg7 33. Rh6
Ra6 34. a4 Rb6 35. Nc5 Rb8 36. Kd2 a5 37. Kc3 Rf8 38. Nxe6+ Nxe6 39. Rxe6 Rf3+
40. Kb2 Rf2+ 41. Ka3 Rd2 42. Rxc6 Rxd4 43. Ra6 Re4 44. e6 Re5 45. Rxa5 Rxg5 46.
Ra7+ Kg6 47. e7 Re5 48. Rd7 h5 49. Rxd5 1-0

[Event "BL 1213 SC Forchheim - SG Turm Trier"]
[Site "?"]
[Date "2013.02.02"]
[Round "7.8"]
[White "Kraeussling, Andreas"]
[Black "Seger, Ruediger"]
[Result "1-0"]
[WhiteElo "2268"]
[BlackElo "2390"]
[PlyCount "115"]
[EventDate "2013.??.??"]

1. Nf3 Nf6 2. g3 g6 3. b3 Bg7 4. Bb2 O-O 5. Bg2 d5 6. c4 c6 7. d3 Bg4 8. Nbd2
Nbd7 9. Qc2 Re8 10. O-O e5 11. e3 e4 12. dxe4 dxe4 13. Nd4 c5 14. Nb5 Be2 15.
Rfe1 Bd3 16. Qd1 Ne5 17. Nc3 Nc6 18. a3 Rc8 19. Ra2 Bf8 20. Ne2 Ne5 21. Nf4 b6
22. Qa1 Bd6 23. Bc3 Ned7 24. Nxd3 exd3 25. Qb1 Ne5 26. Bxe5 Bxe5 27. Rd1 Qe7
28. Qxd3 Rcd8 29. Bd5 Ng4 30. Nf3 Bf6 31. Rad2 Ne5 32. Nxe5 Qxe5 33. Qc2 Kg7
34. Rd3 h5 35. e4 Qe7 36. h4 Bd4 37. Rf3 Rf8 38. Kg2 Qe5 39. b4 Qe7 40. b5 Rd6
41. a4 Rf6 42. Rdd3 Rxf3 43. Rxf3 Qe5 44. Ra3 Qc7 45. f4 f6 46. a5 bxa5 47. Qa2
Re8 48. Rxa5 Re7 49. Ra6 Qd7 50. Qc2 Qe8 51. e5 fxe5 52. f5 gxf5 53. Qxf5 e4
54. b6 axb6 55. Ra8 Re5 56. Ra7+ Re7 57. Qg5+ Kf8 58. Qg8# 1-0

[Event "BL 1213 SG Solingen - Hamburger SK"]
[Site "?"]
[Date "2013.02.02"]
[Round "7.2"]
[White "Stellwagen, Daniel"]
[Black "Ernst, Sipke"]
[Result "1/2-1/2"]
[WhiteElo "2622"]
[BlackElo "2554"]
[PlyCount "120"]
[EventDate "2013.??.??"]

1. e4 e5 2. Nf3 Nc6 3. Bb5 a6 4. Ba4 Nf6 5. O-O Be7 6. Re1 b5 7. Bb3 d6 8. c3
O-O 9. h3 Na5 10. Bc2 c5 11. d4 Qc7 12. d5 Bd7 13. b3 Rfc8 14. Be3 Ne8 15. Nbd2
g6 16. g4 Ng7 17. Kh2 h5 18. Rg1 hxg4 19. hxg4 f6 20. Kg3 Kf7 21. Rh1 Rh8 22.
Ng5+ fxg5 23. Qf3+ Kg8 24. Rxh8+ Kxh8 25. Rh1+ Kg8 26. Rh6 Rf8 27. Qh1 Qc8 28.
Bd1 Nb7 29. Rh8+ Kf7 30. Rh7 Rg8 31. Nf3 Qf8 32. Nxg5+ Ke8 33. Qh6 Kd8 34. Qxg6
Kc7 35. Qf7 Nd8 36. Qxf8 Bxf8 37. f4 exf4+ 38. Bxf4 Be7 39. e5 Bxg5 40. exd6+
Kc8 41. Bxg5 Nf5+ 42. gxf5 Rxg5+ 43. Bg4 Bxf5 44. Kf4 Rxg4+ 45. Kxf5 Rg2 46.
Rc7+ Kb8 47. Rxc5 Rf2+ 48. Ke5 Rf7 49. c4 bxc4 50. Rxc4 Rh7 51. b4 Kb7 52. a4
Nf7+ 53. Ke6 Nd8+ 54. Ke5 Kb8 55. Rg4 Rh6 56. Rg8 Kc8 57. b5 Rh5+ 58. Kd4 Rh4+
59. Kc5 Rxa4 60. Kb6 axb5 1/2-1/2

[Event "BL 1213 SG Solingen - Hamburger SK"]
[Site "?"]
[Date "2013.02.02"]
[Round "7.5"]
[White "Rogozenco, Dorian"]
[Black "L'Ami, Erwin"]
[Result "0-1"]
[WhiteElo "2503"]
[BlackElo "2631"]
[PlyCount "112"]
[EventDate "2013.??.??"]

1. d4 Nf6 2. c4 e6 3. g3 d5 4. Nf3 dxc4 5. Bg2 c5 6. O-O Nc6 7. Ne5 Bd7 8. Na3
cxd4 9. Naxc4 Be7 10. Qb3 Qc7 11. Nxc6 Bxc6 12. Bf4 Qd8 13. Bxc6+ bxc6 14. Ne5
c5 15. Qa4+ Kf8 16. Rac1 Qe8 17. Qa6 Nd5 18. Nd3 Nxf4 19. gxf4 g6 20. Nxc5 Bxc5
21. Rxc5 Qb8 22. Qc6 Kg7 23. Qe4 Rd8 24. b3 Qd6 25. Qe5+ Qxe5 26. fxe5 d3 27.
exd3 Rxd3 28. Rfc1 Rad8 29. Kg2 g5 30. Rc7 a5 31. Ra7 R3d5 32. Rcc7 Rf8 33. Rc6
Rxe5 34. Rca6 Kg6 35. Rxa5 Re2 36. Ra8 Rxa8 37. Rxa8 Rb2 38. h3 e5 39. Rg8+ Kh6
40. Rf8 Kg7 41. Ra8 e4 42. Kg3 f5 43. f4 exf3 44. Kxf3 Kg6 45. h4 g4+ 46. Kg3
Rd2 47. b4 Rd3+ 48. Kf2 f4 49. Rf8 Rd4 50. b5 Kh5 51. Rf7 h6 52. b6 Rb4 53. b7
Rb2+ 54. Ke1 g3 55. a4 g2 56. Rg7 f3 0-1

[Event "BL 1213 SG Solingen - Hamburger SK"]
[Site "?"]
[Date "2013.02.02"]
[Round "7.7"]
[White "Van Delft, Merijn"]
[Black "Naumann, Alexander"]
[Result "1/2-1/2"]
[WhiteElo "2395"]
[BlackElo "2535"]
[PlyCount "61"]
[EventDate "2013.??.??"]

1. e4 e5 2. Nf3 Nc6 3. Bb5 Nf6 4. O-O Nxe4 5. Re1 Nd6 6. Nxe5 Be7 7. Bf1 Nxe5
8. Rxe5 O-O 9. Nc3 Ne8 10. Nd5 Bd6 11. Re1 c6 12. Ne3 Bc7 13. Nf5 d5 14. Ne7+
Kh8 15. Nxc8 Rxc8 16. d3 Qd6 17. g3 Nf6 18. c3 Rce8 19. Rxe8 Rxe8 20. Bd2 Qd7
21. Qf3 Qg4 22. Qxg4 Nxg4 23. h3 Nf6 24. Re1 Rxe1 25. Bxe1 Nd7 26. d4 f5 27.
Bd3 g6 28. f3 Kg7 29. Kf1 Kf6 30. Ke2 Nf8 31. f4 1/2-1/2

[Event "BL 1213 SV Wattenscheid - SK Nordersted"]
[Site "?"]
[Date "2013.02.02"]
[Round "7.1"]
[White "Kopylov, Mihail"]
[Black "Vitiugov, Nikita"]
[Result "1/2-1/2"]
[WhiteElo "2473"]
[BlackElo "2691"]
[PlyCount "58"]
[EventDate "2013.??.??"]

1. d4 d5 2. c4 e6 3. Nf3 Nf6 4. g3 Bb4+ 5. Bd2 Be7 6. Bg2 c6 7. Qc2 b6 8. O-O
Nbd7 9. Bf4 O-O 10. cxd5 cxd5 11. Nc3 Bb7 12. Rac1 Rc8 13. Qb3 a6 14. Rc2 Rc4
15. a4 Nh5 16. Be3 Bd6 17. Rfc1 Qe7 18. Na2 Rxc2 19. Rxc2 Nhf6 20. Bf4 Bxf4 21.
gxf4 a5 22. Nc3 Rc8 23. Nb5 Rxc2 24. Qxc2 Ne8 25. Ne5 Nb8 26. f5 Na6 27. Nc6
Qd7 28. Ne5 Qe7 29. Nc6 Qd7 1/2-1/2

[Event "BL 1213 SV Wattenscheid - SK Nordersted"]
[Site "?"]
[Date "2013.02.02"]
[Round "7.2"]
[White "Bartel, Mateusz"]
[Black "Bekker-Jensen, Simon"]
[Result "1-0"]
[WhiteElo "2635"]
[BlackElo "2402"]
[PlyCount "81"]
[EventDate "2013.??.??"]

1. e4 c5 2. Nf3 d6 3. c3 Nf6 4. Bd3 Bg4 5. Bc2 Nc6 6. d3 g6 7. Nbd2 Bg7 8. h3
Bxf3 9. Nxf3 O-O 10. Bg5 b5 11. a3 a5 12. O-O b4 13. d4 cxd4 14. cxd4 d5 15. e5
Ne4 16. Be3 f6 17. Ba4 Qb6 18. Rc1 Rfc8 19. Qc2 Na7 20. Qb3 Qb7 21. axb4 axb4
22. Bc6 Nxc6 23. Qxd5+ e6 24. Qxe4 f5 25. Qd3 Ne7 26. Ng5 Qd7 27. Rxc8+ Rxc8
28. Qa6 Rc6 29. Qb5 Nd5 30. Qb8+ Bf8 31. Ra1 Rc8 32. Ra7 Qe8 33. Qb7 Rc7 34.
Ra8 Rxb7 35. Rxe8 Nc7 36. Rc8 h6 37. Ne4 Kf7 38. Bxh6 Be7 39. Nd6+ Bxd6 40.
exd6 Ne8 41. Rd8 1-0

[Event "BL 1213 SV Wattenscheid - SK Nordersted"]
[Site "?"]
[Date "2013.02.02"]
[Round "7.3"]
[White "Polischuk, Viktor"]
[Black "Bogner, Sebastian"]
[Result "0-1"]
[WhiteElo "2312"]
[BlackElo "2558"]
[PlyCount "172"]
[EventDate "2013.??.??"]

1. e4 c5 2. Nf3 d6 3. d4 cxd4 4. Nxd4 Nf6 5. Nc3 a6 6. Bc4 e6 7. a4 Be7 8. O-O
O-O 9. Be3 Nc6 10. Ba2 Qc7 11. Kh1 Bd7 12. f4 Rac8 13. Qe2 Rfd8 14. f5 e5 15.
Nf3 Nb4 16. Bb3 d5 17. exd5 Bxf5 18. Nh4 Bg4 19. Qf2 Qd7 20. Bg5 h6 21. Bxf6
Bxf6 22. Nf5 Bg5 23. Ne3 Bxe3 24. Qxe3 Qd6 25. Rf2 f5 26. h3 f4 27. Qe1 Bf5 28.
Ne4 Qb6 29. Rd2 a5 30. d6+ Kh8 31. Rad1 Rd7 32. Nc3 Re8 33. Nb5 e4 34. c3 Nc6
35. Qh4 f3 36. gxf3 exf3 37. Re1 Rf8 38. Rf2 Bxh3 39. Kg1 Bf5 40. Kh1 Bh7 41.
Rxf3 Rdd8 42. Ref1 Rxf3 43. Rxf3 Ne5 44. Re3 Rf8 45. Qd4 Qxd4 46. Nxd4 Ng4 47.
Re7 Rd8 48. Ne6 Rxd6 49. Re8+ Bg8 50. Nd8 Rd2 51. Bxg8 Nf2+ 52. Kg2 Ne4+ 53.
Kf1 Nd6 54. Nf7+ Nxf7 55. Bxf7+ Kh7 56. b3 Rd3 57. Rc8 Rf3+ 58. Ke2 Rxf7 59.
Rc5 g5 60. Rxa5 g4 61. Rd5 Kg6 62. b4 h5 63. a5 g3 64. Rd8 Kg5 65. Rg8+ Kf4 66.
b5 h4 67. Rh8 Re7+ 68. Kf1 Kf3 69. Rf8+ Kg4 70. a6 bxa6 71. b6 Rb7 72. Rf6 h3
73. Rg6+ Kf4 74. Rh6 Kg4 75. Rg6+ Kf3 76. Rf6+ Ke4 77. Rh6 Rf7+ 78. Kg1 Rd7 79.
Re6+ Kf3 80. Rf6+ Kg4 81. Rg6+ Kf4 82. Rf6+ Kg5 83. Rf1 Kg4 84. Rb1 h2+ 85. Kg2
Rd2+ 86. Kh1 Kh3 0-1

[Event "BL 1213 SV Wattenscheid - SK Nordersted"]
[Site "?"]
[Date "2013.02.02"]
[Round "7.4"]
[White "Rustemov, Alexander"]
[Black "Jochens, Arne"]
[Result "1-0"]
[WhiteElo "2544"]
[BlackElo "2298"]
[PlyCount "57"]
[EventDate "2013.??.??"]

1. d4 Nf6 2. Nf3 g6 3. c4 Bg7 4. g3 c5 5. Bg2 cxd4 6. Nxd4 O-O 7. Nc3 Qc7 8. b3
d5 9. Ndb5 Qa5 10. Bd2 dxc4 11. bxc4 Qd8 12. O-O Nc6 13. Rb1 Be6 14. Nd5 Nxd5
15. cxd5 Bxd5 16. Bxd5 Qxd5 17. Nc7 Qxa2 18. Nxa8 Rxa8 19. Be3 Rd8 20. Qc1 Qxe2
21. Rxb7 Ne5 22. Qc7 Rf8 23. Rbb1 Nf3+ 24. Kg2 e5 25. Qb7 e4 26. Rfc1 Nh4+ 27.
gxh4 Qf3+ 28. Kg1 Be5 29. Qd7 1-0

[Event "BL 1213 SV Wattenscheid - SK Nordersted"]
[Site "?"]
[Date "2013.02.02"]
[Round "7.5"]
[White "Bekker-Jensen, David"]
[Black "Appel, Ralf"]
[Result "0-1"]
[WhiteElo "2286"]
[BlackElo "2525"]
[PlyCount "54"]
[EventDate "2013.??.??"]

1. d4 Nf6 2. c4 d6 3. Nf3 Bg4 4. Qb3 Qc8 5. g3 Nbd7 6. Bg2 e5 7. O-O c6 8. Rd1
Be7 9. c5 d5 10. dxe5 Ne4 11. Nbd2 Nexc5 12. Qc2 O-O 13. b4 Ne6 14. a3 a5 15.
bxa5 Rxa5 16. Nb3 Ra4 17. Bb2 Nb6 18. Nfd4 Rc4 19. Qd2 Ng5 20. f3 Bh3 21. Bh1
Ra4 22. Nc5 Nc4 23. Qc2 Bxc5 24. Qxa4 Nxb2 25. Qc2 Nxd1 26. Qxc5 Nb2 27. Qe7
Ne6 0-1

[Event "BL 1213 SV Wattenscheid - SK Nordersted"]
[Site "?"]
[Date "2013.02.02"]
[Round "7.6"]
[White "Handke, Florian"]
[Black "Michna, Christian"]
[Result "1/2-1/2"]
[WhiteElo "2556"]
[BlackElo "2279"]
[PlyCount "77"]
[EventDate "2013.??.??"]

1. d4 Nf6 2. Nf3 g6 3. c4 Bg7 4. Nc3 O-O 5. e4 d6 6. Be2 Bg4 7. Be3 Nfd7 8. Rc1
a6 9. O-O c5 10. d5 b5 11. Nd2 b4 12. Na4 Bxe2 13. Qxe2 Qa5 14. b3 Nb6 15. Nxb6
Qxb6 16. f4 Nd7 17. Qg4 Qd8 18. Qh3 a5 19. Nf3 Nf6 20. e5 Ne4 21. Rce1 Qc8 22.
Qh4 Ra7 23. Bc1 f5 24. exf6 Bxf6 25. Ng5 Nxg5 26. fxg5 Bd4+ 27. Kh1 a4 28. Qe4
Bc3 29. Rd1 Be5 30. Be3 Rf5 31. g4 Rxf1+ 32. Rxf1 axb3 33. axb3 Ra1 34. Rxa1
Bxa1 35. Qxe7 Qxg4 36. Qe8+ Kg7 37. Qe7+ Kg8 38. Qe8+ Kg7 39. Qe7+ 1/2-1/2

[Event "BL 1213 SV Wattenscheid - SK Nordersted"]
[Site "?"]
[Date "2013.02.02"]
[Round "7.7"]
[White "Zierke, Oliver"]
[Black "Holzke, Frank Dr"]
[Result "1/2-1/2"]
[WhiteElo "2261"]
[BlackElo "2521"]
[PlyCount "160"]
[EventDate "2013.??.??"]

1. d4 d5 2. c4 c6 3. Nf3 Nf6 4. Nc3 dxc4 5. a4 Bf5 6. e3 e6 7. Bxc4 Bb4 8. O-O
O-O 9. Nh4 Nbd7 10. Nxf5 exf5 11. f3 Rc8 12. Qb3 Qb6 13. Rd1 g6 14. Na2 Bd6 15.
Qxb6 Nxb6 16. Bb3 Rfe8 17. Nc3 Nbd5 18. Nxd5 Nxd5 19. Kf2 h5 20. Bd2 h4 21. g3
Kg7 22. gxh4 Be7 23. Bxd5 Bxh4+ 24. Ke2 cxd5 25. Rac1 Rxc1 26. Rxc1 f4 27. e4
dxe4 28. Bxf4 Bf6 29. d5 Bxb2 30. Rb1 Be5 31. Bxe5+ Rxe5 32. Rxb7 exf3+ 33.
Kxf3 Rxd5 34. Rxa7 Rd3+ 35. Kg4 Rd4+ 36. Kg3 g5 37. a5 Kg6 38. Ra8 Ra4 39. a6
Kf5 40. Ra7 f6 41. Ra8 Ra3+ 42. Kf2 Kf4 43. Rb8 Ra2+ 44. Kg1 Rxa6 45. Rb4+ Kf3
46. Rb3+ Kg4 47. Rb4+ Kh5 48. Kg2 f5 49. Rb8 Ra2+ 50. Kg3 Ra3+ 51. Kg2 g4 52.
Rg8 Kh4 53. Rg7 Ra2+ 54. Kg1 f4 55. Rg8 Re2 56. Rg7 f3 57. Rg8 Rg2+ 58. Kh1 Kh5
59. Rg7 Ra2 60. Kg1 Re2 61. Rg8 Rg2+ 62. Kf1 Kh4 63. Rh8+ Kg5 64. Rg8+ Kh5 65.
Rf8 Kg5 66. Rg8+ Kf5 67. Rf8+ Ke4 68. Re8+ Kd5 69. Rg8 Ke6 70. Ke1 Re2+ 71. Kf1
Re4 72. h3 gxh3 73. Rh8 Kf5 74. Rxh3 Kf4 75. Rh4+ Ke3 76. Rxe4+ Kxe4 77. Kf2
Kf4 78. Kf1 Ke3 79. Ke1 f2+ 80. Kf1 Kf3 1/2-1/2

[Event "BL 1213 SV Wattenscheid - SK Nordersted"]
[Site "?"]
[Date "2013.02.02"]
[Round "7.8"]
[White "Hirneise, Tobias"]
[Black "Kahlert, Thomas"]
[Result "1-0"]
[WhiteElo "2448"]
[BlackElo "2230"]
[PlyCount "101"]
[EventDate "2013.??.??"]

1. e4 e5 2. Nf3 Nc6 3. Bb5 a6 4. Ba4 Nf6 5. O-O Be7 6. Re1 b5 7. Bb3 O-O 8. c3
d6 9. h3 Na5 10. Bc2 c5 11. d4 Qc7 12. Nbd2 cxd4 13. cxd4 Bd7 14. Nf1 Rac8 15.
Ne3 Nc6 16. Bb3 Nxd4 17. Nxd4 exd4 18. Qxd4 Be6 19. Nf5 Bxf5 20. exf5 d5 21.
Bf4 Qd7 22. Rad1 Rfe8 23. Qd3 Bb4 24. Rxe8+ Rxe8 25. g4 h6 26. Qf3 d4 27. Kg2
Ne4 28. Bxf7+ Qxf7 29. Rxd4 Nxf2 30. Rxb4 Qe7 31. Rd4 Ne4 32. Rd1 Qf6 33. Qb3+
Kh7 34. Qc2 Kh8 35. Re1 Qd4 36. Rd1 Qf6 37. Re1 Qd4 38. Re2 Qd5 39. Kh2 Kh7 40.
Re3 Kh8 41. Qd3 Qc6 42. h4 Nf6 43. Rxe8+ Qxe8 44. Qf3 Qe1 45. Kh3 Qb1 46. Be5
Nd7 47. Bd4 Qxa2 48. Qc6 Qb3+ 49. Kh2 Qf7 50. Qxh6+ Kg8 51. Qxa6 1-0